20 premieres capitales asie - Statistics

General Stats
  • This quiz has been taken 100 times
  • The average score is 8 of 19
Answer Stats
Pays Capital % Correct
Japan Tokyo
95%
China Pékin
79%
South Korea Seoul
79%
India New Delhi
64%
Indonesia Jakarta
55%
North Korea Pyongyang
46%
Malaysia Kuala Lumpur
39%
Pakistan Islamabad
38%
Bangladesh Dhaka
36%
Afghanistan Kabul
36%
Kazakhstan Astana
34%
Laos Vientiane
30%
Cambodia Phnom Penh
26%
Nepal Kathmandu
22%
Brunei Bandar Seri Begawan
17%
Mongolia Ulaanbaatar
17%
Myanmar Naypyidaw
13%
Kyrgyzstan Bishkek
12%
Uzbekistan Tashkent
12%
No matching quizzes found
Score Distribution
Percent of People with Each Score
Percentile by Number Answered
Your Score History
You have not taken this quiz